[Event "Seattle Summer Kickoff (4-6 U1000)"]
[Site "Chess.com"]
[Date "2020.06.13"]
[Round "1"]
[White "Joshi, Vaidehi"]
[Black "Venkatesan, Vishnu"]
[Result "0-1"]
[WhiteElo "905"]
[BlackElo "581"]
[PlyCount "78"]
[EventDate "2020.??.??"]
[SourceDate "2020.06.27"]

1. e4 e5 2. Nf3 Bc5 3. Bc4 Qe7 4. O-O Nf6 5. d3 Ng4 6. Nc3 Qf6 7. Bg5 Qb6 8.
Nd5 Qa5 9. Bd2 Qa4 10. Nxc7+ Kd8 11. Nxa8 Qc6 12. Bd5 Qg6 13. Ba5+ b6 14. Nxe5
Nxe5 15. Bd2 a5 16. Bc3 Bd6 17. Nxb6 Qh6 18. Bxa5 Rf8 19. Nc4+ Bc7 20. Bxc7+
Kxc7 21. Nxe5 f6 22. Ng4 Qg5 23. Qd2 Qxd2 24. Rad1 Qxc2 25. Rb1 Qxd3 26. Rfd1
Qa6 27. Ne3 f5 28. Rdc1+ Kd8 29. Nc4 Qxa2 30. Nd6 Qa6 31. e5 Re8 32. Nf7+ Ke7
33. e6 dxe6 34. Rc7+ Kf6 35. Rbc1 exd5 36. Rd1 Qb6 37. Rc3 Qe6 38. Rcd3 Qe1+
39. Rxe1 Rxe1# 0-1

[Event "Seattle Summer Kickoff (4-6 U1000)"]
[Site "Chess.com"]
[Date "2020.06.13"]
[Round "1"]
[White "Pratheepa, Harshitha Raghurama"]
[Black "Choi, Edward"]
[Result "1-0"]
[WhiteElo "965"]
[BlackElo "770"]
[PlyCount "71"]
[EventDate "2020.??.??"]
[SourceDate "2020.06.27"]

1. e4 e5 2. Nf3 d6 3. Bc4 Be6 4. Bxe6 fxe6 5. O-O Nf6 6. d3 d5 7. Nc3 c6 8. Bg5
h6 9. Bh4 Bb4 10. a3 Ba5 11. b4 Bc7 12. Re1 a5 13. b5 Nfd7 14. Bxd8 Kxd8 15.
bxc6 bxc6 16. d4 exd4 17. Qxd4 c5 18. Qxg7 Be5 19. Nxe5 Nxe5 20. Qxh8+ Kc7 21.
Qxe5+ Kc6 22. Qxe6+ Kb7 23. Qxd5+ Kb6 24. Qxa8 Na6 25. Rab1+ Nb4 26. axb4 axb4
27. Nd5+ Kb5 28. Rec1 Kc4 29. Qa6+ Kd4 30. Qd3+ Ke5 31. Qg3+ Kxe4 32. Re1+ Kxd5
33. Qd3+ Kc6 34. Re6+ Kc7 35. Qh7+ Kb8 36. Re8# 1-0

[Event "Seattle Summer Kickoff (4-6 U1000)"]
[Site "Chess.com"]
[Date "2020.06.13"]
[Round "1"]
[White "Razmov, Gabriel"]
[Black "Eitel, Miles"]
[Result "1-0"]
[WhiteElo "995"]
[BlackElo "721"]
[PlyCount "121"]
[EventDate "2020.??.??"]
[SourceDate "2020.06.27"]

1. e4 e5 2. Nf3 Nc6 3. Bc4 Nf6 4. d3 d5 5. exd5 Nxd5 6. O-O Bg4 7. h3 Be6 8.
Re1 Qf6 9. Bg5 Qf5 10. Nc3 Nxc3 11. bxc3 Bxc4 12. dxc4 Bd6 13. Re3 O-O 14. Qe2
Rae8 15. Re1 f6 16. Bh4 a6 17. Nh2 Rf7 18. Rg3 Rfe7 19. Qg4 Qxg4 20. Nxg4 e4
21. Nxf6+ Kf7 22. Nxe8 Bxg3 23. Bxe7 Nxe7 24. fxg3 Kxe8 25. Rxe4 Kf7 26. Kf2
Kf6 27. Kf3 c6 28. Kf4 b5 29. cxb5 axb5 30. g4 Ng6+ 31. Kg3 Kg5 32. Re6 c5 33.
Rc6 b4 34. Rxc5+ Kf6 35. cxb4 Ne5 36. b5 Nd7 37. Rc6+ Ke7 38. Rc7 Kd6 39. b6
Nxb6 40. Rxg7 Ke5 41. Rxh7 Nd5 42. g5 Kf5 43. Kh4 Kg6 44. Rd7 Nf4 45. g3 Ng2+
46. Kg4 Ne3+ 47. Kf4 Nf5 48. c4 Ng7 49. Ke5 Kxg5 50. c5 Ne8 51. c6 Kh5 52. c7
Nxc7 53. Rxc7 Kg5 54. a3 Kg6 55. a4 Kh6 56. a5 Kh5 57. a6 Kg5 58. a7 Kh5 59.
a8=Q Kg5 60. Qg8+ Kh6 61. Rh7# 1-0

[Event "Seattle Summer Kickoff (4-6 U1000)"]
[Site "Chess.com"]
[Date "2020.06.13"]
[Round "1"]
[White "Vangala, Advaith"]
[Black "Bhargava, Suhana"]
[Result "1-0"]
[WhiteElo "897"]
[BlackElo "400"]
[PlyCount "103"]
[EventDate "2020.??.??"]
[SourceDate "2020.06.27"]

1. d4 d5 2. Bf4 Nf6 3. e3 Nc6 4. Nc3 e6 5. Bd3 Nb4 6. e4 Nxd3+ 7. Qxd3 Bd6 8.
e5 Bb4 9. exf6 Qxf6 10. Be5 Qh6 11. Qb5+ c6 12. Qxb4 b6 13. Nge2 Ba6 14. O-O f6
15. Bf4 Qg6 16. Qd6 Bc8 17. Qxc6+ Kd8 18. Qxa8 Qxc2 19. Qxa7 e5 20. dxe5 fxe5
21. Qxb6+ Ke7 22. Bxe5 Rf8 23. Qd6+ Ke8 24. Qxd5 Qxb2 25. Bxg7 Rf7 26. Qe5+ Kd7
27. Nd5 Qxe5 28. Nb6+ Kc7 29. Bxe5+ Kxb6 30. Rfb1+ Kc6 31. a4 Ra7 32. a5 Kd5
33. Bg3 h5 34. Nf4+ Ke4 35. Nxh5 Rh7 36. Nf6+ Kf5 37. Nxh7 Kg6 38. Nf8+ Kf7 39.
Nh7 Kg7 40. Ng5 Kg6 41. Ne4 Kf5 42. Nc5 Kf6 43. a6 Bxa6 44. Rxa6+ Kf5 45. f4
Kg4 46. Rg6+ Kf5 47. Rg5+ Kf6 48. Rb6+ Kf7 49. Rh5 Kg7 50. Rd5 Kf7 51. Rd7+ Ke8
52. Rb8# 1-0

[Event "Seattle Summer Kickoff (4-6 U1000)"]
[Site "Chess.com"]
[Date "2020.06.13"]
[Round "2"]
[White "Chapman, Toby"]
[Black "Bhargava, Saarth"]
[Result "1-0"]
[WhiteElo "898"]
[BlackElo "634"]
[PlyCount "57"]
[EventDate "2020.??.??"]
[SourceDate "2020.06.27"]

1. e4 e6 2. Nf3 d5 3. Bb5+ Nc6 4. d3 Bd7 5. Ba4 Nf6 6. c3 Rc8 7. Bc2 Bd6 8. O-O
O-O 9. Re1 e5 10. Nbd2 Bc5 11. Nf1 Ng4 12. Qd2 Be6 13. Ng3 Bxf2+ 14. Kf1 Bxe1
15. Qxe1 d4 16. c4 Qf6 17. Bd1 Nxh2+ 18. Kg1 Nxf3+ 19. Bxf3 Nb4 20. Qxb4 c5 21.
Qe1 Qg6 22. Nh5 Bg4 23. Bxg4 Qxg4 24. Ng3 Rc6 25. Nf5 Rg6 26. Ne7+ Kh8 27.
Nxg6+ Qxg6 28. Qh4 Rd8 29. Qxd8# 1-0

[Event "Seattle Summer Kickoff (4-6 U1000)"]
[Site "Chess.com"]
[Date "2020.06.13"]
[Round "2"]
[White "Eitel, Miles"]
[Black "Joshi, Vaidehi"]
[Result "1-0"]
[WhiteElo "721"]
[BlackElo "905"]
[PlyCount "87"]
[EventDate "2020.??.??"]
[SourceDate "2020.06.27"]

1. d4 d5 2. Nc3 Nc6 3. e4 dxe4 4. Nxe4 Bf5 5. Qf3 e6 6. c3 Be7 7. h4 Bxh4 8.
Rxh4 Qxh4 9. Bg5 Qh2 10. Ne2 Nge7 11. Bf4 Qh1 12. N4g3 Be4 13. Qxe4 f5 14. Nxh1
fxe4 15. f3 e3 16. Bxe3 O-O-O 17. g3 Rhe8 18. Bh3 Rf8 19. Bxe6+ Kb8 20. Bg5
Rxf3 21. Bxe7 Nxe7 22. Bg4 Re3 23. Bh5 g6 24. Bg4 h5 25. Bh3 Rf8 26. Nf2 Rff3
27. g4 h4 28. Bg2 h3 29. Bxf3 Rxf3 30. Nxh3 Rxh3 31. Kf2 Rh2+ 32. Kf3 Rh3+ 33.
Ng3 Rh2 34. Re1 Nc8 35. b4 Rxa2 36. Re8 Ra3 37. Ne4 Ra1 38. Kf4 Rf1+ 39. Kg3
Rg1+ 40. Kf4 Rf1+ 41. Kg5 Rg1 42. Nf6 Rc1 43. Nd7+ Ka8 44. Rxc8# 1-0

[Event "Seattle Summer Kickoff (4-6 U1000)"]
[Site "Chess.com"]
[Date "2020.06.13"]
[Round "2"]
[White "Lankipalle, Ruthvikarao"]
[Black "Vangala, Advaith"]
[Result "1-0"]
[WhiteElo "956"]
[BlackElo "897"]
[PlyCount "45"]
[EventDate "2020.??.??"]
[SourceDate "2020.06.27"]

1. e4 e5 2. Nf3 Nc6 3. Nc3 d6 4. h3 Be6 5. Bb5 Bd7 6. O-O Nf6 7. d3 Be7 8. Bg5
O-O 9. Nd5 h6 10. Nxf6+ Bxf6 11. Be3 Nd4 12. Bxd7 Qxd7 13. Re1 Nxf3+ 14. Qxf3
c6 15. Qg3 d5 16. exd5 cxd5 17. Bxh6 e4 18. dxe4 dxe4 19. Rxe4 Bxb2 20. Rb1 Bf6
21. Rf4 Be5 22. Rc1 Bxf4 23. Qxg7# 1-0

[Event "Seattle Summer Kickoff (4-6 U1000)"]
[Site "Chess.com"]
[Date "2020.06.13"]
[Round "2"]
[White "Tiwari, Anay"]
[Black "Pratheepa, Harshitha Raghurama"]
[Result "1-0"]
[WhiteElo "692"]
[BlackElo "965"]
[PlyCount "143"]
[EventDate "2020.??.??"]
[SourceDate "2020.06.27"]

1. e4 e5 2. Nf3 Nc6 3. Bb5 a6 4. Bxc6 dxc6 5. O-O Nf6 6. Nc3 Bc5 7. Nxe5 O-O 8.
Nf3 b5 9. d4 Bb6 10. Ne5 Bxd4 11. Nxc6 Qd6 12. Nxd4 Bg4 13. f3 Bh5 14. Re1 Qc5
15. Be3 Qd6 16. Bf2 Rfe8 17. Nf5 Qc6 18. Nd4 Qd6 19. Nf5 Qb4 20. Rb1 Nxe4 21.
fxe4 Bxd1 22. Rexd1 Rad8 23. Rxd8 Rxd8 24. a3 Qc4 25. Ne7+ Kf8 26. Ned5 c6 27.
b3 Qxd5 28. exd5 cxd5 29. Rd1 Rc8 30. Be1 Rd8 31. Rxd5 Rxd5 32. Nxd5 f6 33. Kf2
f5 34. Kf3 g5 35. g4 fxg4+ 36. Kxg4 h6 37. Kh5 Kg7 38. Bc3+ Kh7 39. Nc7 a5 40.
Nxb5 a4 41. bxa4 g4 42. a5 g3 43. hxg3 Kg8 44. a6 Kh7 45. a7 Kg8 46. Kxh6 Kf7
47. a8=R Ke7 48. Rh8 Kf7 49. a4 Ke6 50. a5 Kd5 51. a6 Kc5 52. a7 Kxb5 53. a8=R
Kc4 54. Rhg8 Kxc3 55. Rg7 Kxc2 56. Rb7 Kc3 57. Rc8+ Kd4 58. Rd7+ Ke4 59. Re8+
Kf3 60. Rd6 Kg2 61. g4 Kg3 62. g5 Kg4 63. g6 Kf5 64. g7 Kg4 65. Re5 Kf4 66. Ra5
Ke4 67. Rb6 Kd4 68. Rb4+ Kc3 69. Rh4 Kd3 70. Ra3+ Ke2 71. Rh2+ Kf1 72. Ra1# 1-0

[Event "Seattle Summer Kickoff (4-6 U1000)"]
[Site "Chess.com"]
[Date "2020.06.13"]
[Round "2"]
[White "Venkatesan, Vishnu"]
[Black "Razmov, Gabriel"]
[Result "0-1"]
[WhiteElo "581"]
[BlackElo "995"]
[PlyCount "38"]
[EventDate "2020.??.??"]
[SourceDate "2020.06.27"]

1. e4 d5 2. Qf3 Nf6 3. exd5 Nxd5 4. Bc4 c6 5. Ne2 e5 6. d4 exd4 7. Nxd4 Bd6 8.
Nc3 O-O 9. Nxd5 cxd5 10. Bxd5 Nc6 11. Nf5 Bxf5 12. Qxf5 Qc7 13. Be4 g6 14. Qf6
Rfe8 15. Bh6 Rxe4+ 16. Kd1 Bf8 17. Bxf8 Rxf8 18. Re1 Rd8+ 19. Kc1 Rxe1# 0-1

[Event "Seattle Summer Kickoff (4-6 U1000)"]
[Site "Chess.com"]
[Date "2020.06.13"]
[Round "3"]
[White "Bansal, Vivaan"]
[Black "Bhargava, Suhana"]
[Result "1-0"]
[WhiteElo "991"]
[BlackElo "400"]
[PlyCount "31"]
[EventDate "2020.??.??"]
[SourceDate "2020.06.27"]

1. e4 e5 2. Bc4 Nf6 3. d3 Nc6 4. Nf3 Ng4 5. Ng5 Qf6 6. Qxg4 Bc5 7. Qf3 Qg6 8.
Bxf7+ Qxf7 9. Qxf7+ Kd8 10. Qxg7 Re8 11. Nf7+ Ke7 12. Bg5+ Ke6 13. Qh6+ Kxf7
14. Qf6+ Kg8 15. Bh6 Re7 16. Qf8# 1-0

[Event "Seattle Summer Kickoff (4-6 U1000)"]
[Site "Chess.com"]
[Date "2020.06.13"]
[Round "3"]
[White "Choi, Edward"]
[Black "Venkatesan, Vishnu"]
[Result "0-1"]
[WhiteElo "770"]
[BlackElo "581"]
[PlyCount "82"]
[EventDate "2020.??.??"]
[SourceDate "2020.06.27"]

1. d4 e6 2. Nf3 Qf6 3. e3 c5 4. c3 cxd4 5. cxd4 Nc6 6. Bd2 e5 7. dxe5 Nxe5 8.
Bc3 d6 9. Nbd2 Bg4 10. h3 Bf5 11. Bb5+ Kd8 12. Ba5+ b6 13. Bc3 Qe7 14. Nh4 Qxh4
15. O-O Be4 16. g3 Qf6 17. Nxe4 Qf5 18. Nxd6 Bxd6 19. Qxd6+ Kc8 20. f4 Ng6 21.
Bc6 Rb8 22. g4 Qf6 23. f5 Qxd6 24. Rac1 Qxc6 25. Be5 Nxe5 26. Rxc6+ Nxc6 27. e4
Nge7 28. h4 Rd8 29. h5 g6 30. fxg6 fxg6 31. hxg6 hxg6 32. g5 Rd4 33. e5 Nxe5
34. Re1 Rd5 35. Rf1 b5 36. Rf8+ Kb7 37. Rf6 Nd3 38. Re6 Re8 39. b3 Rxg5+ 40.
Kh1 Nf2+ 41. Kh2 Rh8# 0-1

[Event "Seattle Summer Kickoff (4-6 U1000)"]
[Site "Chess.com"]
[Date "2020.06.13"]
[Round "3"]
[White "Lankipalle, Ruthvikarao"]
[Black "Chapman, Toby"]
[Result "0-1"]
[WhiteElo "956"]
[BlackElo "898"]
[PlyCount "80"]
[EventDate "2020.??.??"]
[SourceDate "2020.06.27"]

1. e4 e5 2. Nf3 Nc6 3. Bb5 d6 4. O-O Nf6 5. Nc3 Bd7 6. d3 g6 7. Bg5 Bg7 8. Nd5
h6 9. Bxf6 Bxf6 10. Nd2 Be6 11. Nxf6+ Qxf6 12. Bxc6+ bxc6 13. Re1 Qg5 14. g3
Bh3 15. Nf3 Qg4 16. Nd2 Qxd1 17. Rexd1 O-O 18. Nc4 h5 19. Ne3 f6 20. d4 Rad8
21. dxe5 dxe5 22. Rxd8 Rxd8 23. Nc4 Rd4 24. Na5 Rxe4 25. Nxc6 g5 26. Rd1 Kg7
27. Nxa7 Rg4 28. Rd7+ Kg6 29. Rd1 h4 30. Rb1 hxg3 31. fxg3 f5 32. b4 f4 33. b5
fxg3 34. hxg3 Rxg3+ 35. Kh2 Rg2+ 36. Kxh3 Rxc2 37. a4 Kf5 38. a5 Kf4 39. b6 g4+
40. Kh4 Rh2# 0-1

[Event "Seattle Summer Kickoff (4-6 U1000)"]
[Site "Chess.com"]
[Date "2020.06.13"]
[Round "3"]
[White "Pratheepa, Harshitha Raghurama"]
[Black "Eitel, Miles"]
[Result "0-1"]
[WhiteElo "965"]
[BlackElo "721"]
[PlyCount "62"]
[EventDate "2020.??.??"]
[SourceDate "2020.06.27"]

1. e4 d5 2. exd5 Qd6 3. Nc3 Nf6 4. Nf3 Nxd5 5. Nxd5 Qxd5 6. d3 Qe6+ 7. Be2 g6
8. O-O Bg7 9. d4 O-O 10. Bf4 Na6 11. b3 b6 12. Bc4 Qg4 13. Re1 Qxf4 14. Rxe7
Bg4 15. Bxa6 Bxf3 16. gxf3 Qg5+ 17. Kh1 Qxe7 18. Qd3 Rad8 19. Rg1 Rd5 20. c3
Rg5 21. Rxg5 Qxg5 22. Qd1 c5 23. dxc5 bxc5 24. b4 cxb4 25. cxb4 Re8 26. a4 Bd4
27. Qf1 Bc3 28. b5 Re1 29. Qxe1 Bxe1 30. Bb7 Bxf2 31. Be4 Qg1# 0-1

[Event "Seattle Summer Kickoff (4-6 U1000)"]
[Site "Chess.com"]
[Date "2020.06.13"]
[Round "3"]
[White "Razmov, Gabriel"]
[Black "Tiwari, Anay"]
[Result "0-1"]
[WhiteElo "995"]
[BlackElo "692"]
[PlyCount "162"]
[EventDate "2020.??.??"]
[SourceDate "2020.06.27"]

1. e4 e5 2. Nf3 Nc6 3. Bc4 Bc5 4. c3 Nf6 5. b4 Bb6 6. d3 d5 7. exd5 Nxd5 8. O-O
O-O 9. a4 a6 10. Re1 Bg4 11. h3 Bh5 12. Nbd2 Nxc3 13. Qb3 Nd5 14. Bxd5 Nd4 15.
Nxd4 Bxd4 16. Rb1 c6 17. Bf3 Bg6 18. Bb2 Bxb2 19. Rxb2 Bxd3 20. Rxe5 Qd6 21.
Re3 Rad8 22. Be2 Bxe2 23. Rxe2 Rfe8 24. Rxe8+ Rxe8 25. Nf3 Qe6 26. Qxe6 Rxe6
27. Rd2 Kf8 28. Rd7 Re7 29. Rd4 Ke8 30. Kh2 Rd7 31. Rg4 g6 32. Kg3 Rd3 33. Kh4
f6 34. Nh2 Kd7 35. f4 Kd6 36. Rg3 Rxg3 37. Kxg3 c5 38. bxc5+ Kxc5 39. Nf3 Kb4
40. Nd4 Kxa4 41. Kf3 b5 42. Ke3 b4 43. Kd3 Ka3 44. Kc2 a5 45. g4 a4 46. Nb5+
Ka2 47. f5 gxf5 48. gxf5 b3+ 49. Kd1 b2 50. Nc3+ Ka1 51. Kc2 a3 52. h4 a2 53.
h5 b1=Q+ 54. Nxb1 axb1=Q+ 55. Kc3 Qxf5 56. Kc4 Qxh5 57. Kd4 f5 58. Ke3 Qg4 59.
Kf2 f4 60. Kf1 Kb2 61. Ke1 Kc3 62. Kf1 Qc8 63. Ke1 Kd3 64. Kf2 Qc6 65. Kg1 Ke2
66. Kh2 Qg2+ 67. Kxg2 f3+ 68. Kh2 f2 69. Kg3 f1=R 70. Kg4 Rh1 71. Kg3 h5 72.
Kg2 Ra1 73. Kg3 Kf1 74. Kh4 Ra5 75. Kh3 Kf2 76. Kh4 Rf5 77. Kh3 Rf4 78. Kh2 h4
79. Kh3 Re4 80. Kh2 Re3 81. Kh1 Rh3# 0-1

[Event "Seattle Summer Kickoff (4-6 U1000)"]
[Site "Chess.com"]
[Date "2020.06.13"]
[Round "3"]
[White "Vangala, Advaith"]
[Black "Bhargava, Saarth"]
[Result "1-0"]
[WhiteElo "897"]
[BlackElo "634"]
[PlyCount "55"]
[EventDate "2020.??.??"]
[SourceDate "2020.06.27"]

1. d4 e5 2. dxe5 Nc6 3. Bf4 Bc5 4. Nf3 Nge7 5. Bg3 O-O 6. e3 Nf5 7. Bf4 d6 8.
exd6 cxd6 9. Nc3 Be6 10. e4 Nfd4 11. Nxd4 Bxd4 12. Be3 Bxe3 13. fxe3 Re8 14.
Be2 Qf6 15. Bf3 Rad8 16. O-O Qg6 17. Nb5 Re7 18. Qe2 a6 19. Nd4 Nxd4 20. exd4
d5 21. exd5 Rde8 22. dxe6 Rxe6 23. Qf2 Rf6 24. Qd2 b5 25. Be2 b4 26. Qxb4 Rxe2
27. Qb8+ Re8 28. Qxe8# 1-0

[Event "Seattle Summer Kickoff (4-6 U1000)"]
[Site "Chess.com"]
[Date "2020.06.13"]
[Round "4"]
[White "Bhargava, Saarth"]
[Black "Pratheepa, Harshitha Raghurama"]
[Result "0-1"]
[WhiteElo "634"]
[BlackElo "965"]
[PlyCount "104"]
[EventDate "2020.??.??"]
[SourceDate "2020.06.27"]

1. e4 e5 2. Nf3 Nc6 3. d4 exd4 4. Nxd4 Nf6 5. Nc3 Bc5 6. Be3 d6 7. Bc4 O-O 8.
O-O Bg4 9. f3 Bh5 10. e5 dxe5 11. Nxc6 Bxe3+ 12. Kh1 Qe8 13. Nb4 e4 14. Nb5 c5
15. Nc7 Qe5 16. Nxa8 Rxa8 17. Nd5 Nxd5 18. Bxd5 exf3 19. gxf3 Qxb2 20. Re1 Qe5
21. Rb1 Re8 22. Rxb7 h6 23. Rxa7 Qf4 24. Rf1 c4 25. c3 Bxa7 26. Bc6 Bb8 27. Rf2
Rc8 28. Bb7 Re8 29. Bc6 Rf8 30. Bb5 Qe3 31. Rf1 Qf4 32. Rf2 Qh4 33. Rc2 Rd8 34.
Bd7 Qf4 35. Rf2 Qh4 36. Rd2 Rxd7 37. Qe2 Rxd2 38. Qxd2 Bxf3+ 39. Kg1 Qg4+ 40.
Kf1 Qh3+ 41. Ke1 Qe6+ 42. Kf2 Bg4 43. Qd8+ Kh7 44. Qxb8 Qe2+ 45. Kg1 Qd1+ 46.
Kf2 Qd2+ 47. Kg3 h5 48. Qb1+ Kh6 49. Qb6+ g6 50. h4 Qxc3+ 51. Kf2 Qf3+ 52. Ke1
Qe2# 0-1

[Event "Seattle Summer Kickoff (4-6 U1000)"]
[Site "Chess.com"]
[Date "2020.06.13"]
[Round "4"]
[White "Bhargava, Suhana"]
[Black "Joshi, Vaidehi"]
[Result "1-0"]
[WhiteElo "400"]
[BlackElo "905"]
[PlyCount "63"]
[EventDate "2020.??.??"]
[SourceDate "2020.06.27"]

1. e4 e5 2. Nf3 Bc5 3. Bc4 Nf6 4. Nc3 O-O 5. O-O d6 6. d3 h6 7. Nh4 Ng4 8. Qf3
Qxh4 9. h3 Nf6 10. Be3 Bxe3 11. Qxe3 Nc6 12. Rfe1 Qh5 13. Qg3 Re8 14. Re3 Nd4
15. Rc1 Ne2+ 16. Nxe2 Re6 17. Bxe6 Bxe6 18. Re1 Re8 19. Rf3 Bxa2 20. d4 exd4
21. Nxd4 Nxe4 22. Qf4 Re5 23. Nf5 Re6 24. Ree3 Rg6 25. Ne7+ Kh8 26. Nxg6+ Qxg6
27. Rxe4 Bb1 28. Re8+ Kh7 29. Qh4 Qxc2 30. Rg3 Qd1+ 31. Kh2 Qe1 32. Rxe1 1-0

[Event "Seattle Summer Kickoff (4-6 U1000)"]
[Site "Chess.com"]
[Date "2020.06.13"]
[Round "4"]
[White "Chapman, Toby"]
[Black "Tiwari, Anay"]
[Result "0-1"]
[WhiteElo "898"]
[BlackElo "692"]
[PlyCount "192"]
[EventDate "2020.??.??"]
[SourceDate "2020.06.27"]

1. e4 e5 2. Nf3 Nc6 3. Bb5 Nf6 4. d3 d5 5. Nbd2 dxe4 6. dxe4 Bd7 7. Bxc6 Bxc6
8. O-O Bd6 9. Nc4 Qe7 10. Bg5 O-O 11. Nxd6 Qxd6 12. Bxf6 Qxf6 13. Nh4 Bxe4 14.
g3 Rad8 15. Qg4 Bxc2 16. Nf5 Bxf5 17. Qh5 Qg6 18. Qxg6 Bxg6 19. Rad1 c5 20.
Rxd8 Rxd8 21. b3 Rd2 22. Re1 f6 23. f3 Rxa2 24. f4 exf4 25. gxf4 Rb2 26. h3
Rxb3 27. h4 a5 28. f5 Bxf5 29. Re8+ Kf7 30. Rd8 a4 31. h5 a3 32. Ra8 Bb1 33.
Kg2 a2 34. h6 gxh6 35. Kf2 b5 36. Ke2 b4 37. Kd2 Ra3 38. Rxa3 bxa3 39. Kc1 a1=Q
40. Kd2 Qe5 41. Kc1 a2 42. Kd2 a1=R 43. Kc1 Qb2+ 44. Kd1 Qd2+ 45. Kxd2 Ra3 46.
Kc1 h5 47. Kxb1 h4 48. Kc1 h3 49. Kd1 h2 50. Ke1 h1=R+ 51. Kf2 Rh2+ 52. Kg1
Ra1+ 53. Kxh2 c4 54. Kg2 c3 55. Kf2 c2 56. Ke2 c1=R 57. Kd2 Rcb1 58. Kc2 Rh1
59. Kb2 Ra8 60. Kc3 Rb8 61. Kd4 Rc8 62. Kd5 Rd1+ 63. Ke4 Re8+ 64. Kf5 Ree1 65.
Kf4 Re2 66. Kf3 Re5 67. Kf4 Ree1 68. Kf3 Re6 69. Kf4 Rde1 70. Kf5 R6e2 71. Kf4
Rf2+ 72. Kg3 h5 73. Kxf2 Re6 74. Kg3 h4+ 75. Kxh4 Re1 76. Kg4 Ke6 77. Kf4 f5
78. Kf3 Rf1+ 79. Kg2 Ra1 80. Kf3 Ke5 81. Ke3 f4+ 82. Kf3 Ra3+ 83. Ke2 f3+ 84.
Kd2 f2 85. Kc2 f1=R 86. Kb2 Rh3 87. Kc2 Rh2+ 88. Kd3 Rf3+ 89. Kc4 Rh4+ 90. Kc5
Ke4 91. Kd6 Rf5 92. Ke6 Ra5 93. Kf6 Rh6+ 94. Kg7 Rb6 95. Kf7 Ra7+ 96. Ke8 Rb8#
0-1

[Event "Seattle Summer Kickoff (4-6 U1000)"]
[Site "Chess.com"]
[Date "2020.06.13"]
[Round "4"]
[White "Choi, Edward"]
[Black "Gorkom, Joshua Van"]
[Result "1-0"]
[WhiteElo "770"]
[BlackElo "764"]
[PlyCount "65"]
[EventDate "2020.??.??"]
[SourceDate "2020.06.27"]

1. d4 d5 2. Nf3 Nf6 3. Nc3 e6 4. e3 Bd6 5. Bb5+ c6 6. Ba4 O-O 7. O-O g6 8. b3
b5 9. g3 bxa4 10. bxa4 Ba6 11. Ne2 Nbd7 12. Rb1 Rb8 13. Bb2 Qb6 14. a5 Qxa5 15.
Bc3 Qxa2 16. Nc1 Qxb1 17. Nd3 Qa2 18. Qa1 Qxa1 19. Rxa1 Bxd3 20. cxd3 Ra8 21.
e4 Bc7 22. Bb4 a5 23. Bxf8 Nxf8 24. e5 Nh5 25. g4 Ng7 26. h3 a4 27. Rc1 a3 28.
Rxc6 a2 29. Rc1 a1=Q 30. Rxa1 Rxa1+ 31. Ne1 Rxe1+ 32. Kg2 Bb6 33. f3 1-0

[Event "Seattle Summer Kickoff (4-6 U1000)"]
[Site "Chess.com"]
[Date "2020.06.13"]
[Round "4"]
[White "Eitel, Miles"]
[Black "Bansal, Vivaan"]
[Result "1-0"]
[WhiteElo "721"]
[BlackElo "991"]
[PlyCount "105"]
[EventDate "2020.??.??"]
[SourceDate "2020.06.27"]

1. e4 e5 2. Nf3 f6 3. d4 exd4 4. Qxd4 Nc6 5. Qe3 b6 6. e5 fxe5 7. Nxe5 Nxe5 8.
Qxe5+ Be7 9. Qxg7 Bf6 10. Qg4 d5 11. Qh5+ Kf8 12. Bh6+ Bg7 13. Bxg7+ Kxg7 14.
c4 Nf6 15. Qg5+ Kf8 16. Qh6+ Kf7 17. cxd5 Re8+ 18. Kd1 Qxd5+ 19. Kc1 Rd8 20.
Nd2 Ne4 21. Bc4 Nxd2 22. Bxd5+ Rxd5 23. Qxh7+ Kf6 24. Qh6+ Kf7 25. Rd1 Rc5+ 26.
Kxd2 Rd5+ 27. Ke1 Re5+ 28. Kf1 Ba6+ 29. Kg1 Bb5 30. Qf4+ Ke6 31. Qg4+ Kf6 32.
Qf4+ Ke6 33. Qg4+ Kf6 34. Qd4 Bc6 35. f4 Ke7 36. Qxe5+ Kf7 37. f5 Kf8 38. Qxc7
Be4 39. Rd8+ Rxd8 40. Qxd8+ Kf7 41. Rf1 Kg7 42. Qd7+ Kf6 43. Qe6+ Kg7 44. Qxe4
a5 45. f6+ Kf7 46. Qb7+ Ke6 47. Qxb6+ Ke5 48. Qxa5+ Ke6 49. f7 Kd7 50. f8=Q Kc6
51. Rf6+ Kd7 52. Qa6 Kc7 53. Qa7# 1-0

[Event "Seattle Summer Kickoff (4-6 U1000)"]
[Site "Chess.com"]
[Date "2020.06.13"]
[Round "4"]
[White "Razmov, Gabriel"]
[Black "Lankipalle, Ruthvikarao"]
[Result "1-0"]
[WhiteElo "995"]
[BlackElo "956"]
[PlyCount "109"]
[EventDate "2020.??.??"]
[SourceDate "2020.06.27"]

1. e4 e5 2. Nf3 Nc6 3. Bc4 Bc5 4. c3 d6 5. b4 Bb6 6. a4 Nf6 7. a5 Bxf2+ 8. Kxf2
Nxe4+ 9. Ke1 O-O 10. d3 Nf6 11. h3 h6 12. Be3 d5 13. Bb3 Re8 14. Bc2 d4 15. Bd2
b5 16. axb6 cxb6 17. b5 Ne7 18. c4 Ng6 19. Kf2 Bb7 20. Rf1 e4 21. dxe4 Bxe4 22.
Bxe4 Nxe4+ 23. Kg1 Qc7 24. Nxd4 Ng3 25. Re1 Red8 26. Be3 Qxc4 27. Na3 Qc7 28.
Rc1 Qb7 29. Qf3 Qxf3 30. gxf3 Nh5 31. Nc6 Re8 32. Kf2 Nh4 33. Rc4 Nf5 34. Nc2
Kh8 35. Re4 Rxe4 36. fxe4 Rc8 37. exf5 Nf6 38. Kf3 Nd5 39. Ke4 Nc3+ 40. Kd4
Nxb5+ 41. Kd5 Nc3+ 42. Kd6 Nb5+ 43. Kd7 Rf8 44. Bd2 a5 45. Be3 a4 46. Bxb6 a3
47. Ra1 Kh7 48. Nxa3 Nc3 49. Rc1 Ne2 50. Re1 Nd4 51. Bxd4 Kg8 52. Re8 Rxe8 53.
Kxe8 Kh7 54. Kxf7 g6 55. fxg6# 1-0

[Event "Seattle Summer Kickoff (4-6 U1000)"]
[Site "Chess.com"]
[Date "2020.06.13"]
[Round "4"]
[White "Venkatesan, Vishnu"]
[Black "Vangala, Advaith"]
[Result "0-1"]
[WhiteElo "581"]
[BlackElo "897"]
[PlyCount "156"]
[EventDate "2020.??.??"]
[SourceDate "2020.06.27"]

1. e4 e5 2. Qf3 Nc6 3. Bc4 Nf6 4. d3 Nd4 5. Qd1 d6 6. c3 Nc6 7. Bg5 Be7 8. Qb3
Be6 9. Bxe6 fxe6 10. Qxe6 Qd7 11. Qxd7+ Nxd7 12. Bxe7 Nxe7 13. d4 exd4 14. cxd4
O-O-O 15. Nc3 Nf6 16. Nf3 Kb8 17. Ng5 Rdf8 18. Ne6 Rf7 19. Ng5 Rff8 20. e5 Nfd5
21. Nxd5 Nxd5 22. exd6 cxd6 23. Ne6 Rf7 24. Ng5 Rff8 25. Rc1 Rf5 26. h4 Nf4 27.
Rd1 Nxg2+ 28. Kf1 Nf4 29. Nf3 Ne6 30. d5 Rxf3 31. dxe6 Re8 32. Rxd6 Rf6 33. Rg1
g6 34. Rg4 Rfxe6 35. Rxe6 Rxe6 36. Rb4 Rc6 37. f4 Rc2 38. a4 Rh2 39. a5 Rxh4
40. Re4 h6 41. Re6 g5 42. fxg5 hxg5 43. Rg6 g4 44. Kg2 Rh3 45. Rxg4 Rb3 46. Ra4
Rxb2+ 47. Kf3 a6 48. Rd4 Ra2 49. Rd5 Ka7 50. Ke4 b6 51. axb6+ Kxb6 52. Kd4 Rd2+
53. Ke5 Rxd5+ 54. Kxd5 Kb5 55. Kd4 Kb4 56. Kd3 Kb3 57. Kd4 a5 58. Kd3 a4 59.
Kd2 Kb2 60. Kd3 a3 61. Kc4 a2 62. Kb4 a1=Q 63. Kc5 Qa3+ 64. Kd5 Qb4 65. Ke5 Qc4
66. Kd6 Qb5 67. Ke6 Qc5 68. Kf6 Qd5 69. Ke7 Qc6 70. Kf7 Qd6 71. Kg7 Qe6 72. Kf8
Qd7 73. Kg8 Qe7 74. Kh8 Kc3 75. Kg8 Kd4 76. Kh8 Ke5 77. Kg8 Kf6 78. Kh8 Qg7#
0-1

[Event "Seattle Summer Kickoff (4-6 U1000)"]
[Site "Chess.com"]
[Date "2020.06.13"]
[Round "5"]
[White "Bansal, Vivaan"]
[Black "Pratheepa, Harshitha Raghurama"]
[Result "1-0"]
[WhiteElo "991"]
[BlackElo "965"]
[PlyCount "81"]
[EventDate "2020.??.??"]
[SourceDate "2020.06.27"]

1. e4 e5 2. Bc4 Nf6 3. d3 Bc5 4. Nf3 O-O 5. Nxe5 d6 6. Nf3 Nc6 7. d4 Bb6 8. e5
Re8 9. Bf4 Bg4 10. O-O dxe5 11. dxe5 Qe7 12. exf6 Qxf6 13. h3 Bh5 14. Bg5 Qxb2
15. Nbd2 Ne5 16. Bd5 c6 17. Be4 Bd8 18. g4 Nxf3+ 19. Bxf3 Bg6 20. Be3 Bxc2 21.
Qe2 Bf6 22. Rac1 Qxa2 23. Nc4 Qa4 24. Rxc2 Bg5 25. Qd2 Bh4 26. Rc3 Rad8 27. Qe2
Qb5 28. Rd1 Bf6 29. Rxd8 Rxd8 30. Rc1 Qb4 31. Bd2 Qc5 32. Ne3 Qe5 33. Bc3 Qf4
34. Bxf6 Qxf6 35. Rc5 Qa1+ 36. Kg2 Qd4 37. Rc4 Qe5 38. Re4 Qc3 39. Nd1 Qf6 40.
Re8+ Rxe8 41. Qxe8# 1-0

[Event "Seattle Summer Kickoff (4-6 U1000)"]
[Site "Chess.com"]
[Date "2020.06.13"]
[Round "5"]
[White "Chapman, Toby"]
[Black "Razmov, Gabriel"]
[Result "0-1"]
[WhiteElo "898"]
[BlackElo "995"]
[PlyCount "64"]
[EventDate "2020.??.??"]
[SourceDate "2020.06.27"]

1. e4 d5 2. d3 e5 3. Nf3 Nd7 4. Nc3 d4 5. Nd5 c6 6. Bg5 f6 7. Bxf6 Ngxf6 8.
Nxf6+ Qxf6 9. Be2 Be7 10. O-O h5 11. g3 g5 12. h4 gxh4 13. gxh4 Rg8+ 14. Kh1
Qe6 15. Rg1 Rxg1+ 16. Qxg1 Nc5 17. Qg7 Bd7 18. Ng5 Bxg5 19. Bxh5+ Kd8 20. Qxg5+
Kc7 21. b4 Rg8 22. Bg4 Qxg4 23. Qxg4 Rxg4 24. bxc5 Rxh4+ 25. Kg2 Bh3+ 26. Kg3
Rh8 27. Rf1 Bxf1 28. Kg4 Be2+ 29. Kf5 Rh5+ 30. Ke6 Bg4+ 31. Kf6 b6 32. Kg6 bxc5
0-1